| 000 | 00345 a2200145 4500 | ||
|---|---|---|---|
| 001 | 194416 | ||
| 020 | _a978-0-15-205435-9 | ||
| 040 | _cMagnum | ||
| 100 | _aWood, Audrey | ||
| 240 | 1 | 0 |
_aKing Bidgood´s in the bathtub _lpor |
| 245 | 1 | 0 | _aKing Bidgood´s in the bathtub |
| 362 | 0 | _a1985 | |
| 697 | _aLITERATURA INFANTIL INGLESA | ||
| 942 | _cBK | ||
| 999 |
_c194416 _d194416 |
||